[Event "Landesliga Sued 0102"]
[Site "Bayern"]
[Date "2002.04.14"]
[Round "8.8"]
[White "Rath, Martin"]
[Black "Keller, Marcus"]
[Result "0-1"]
[WhiteElo "1940"]
[BlackElo "2045"]
[PlyCount "82"]
[EventDate "2001.10.07"]
[EventType "team-tourn"]
[EventRounds "9"]
[EventCountry "GER"]
[SourceTitle "EXT 2003"]
[Source "ChessBase"]
[SourceDate "2002.11.25"]
[SourceVersion "1"]
[SourceVersionDate "2002.11.25"]
[SourceQuality "1"]
[WhiteTeam "Fuerstenfeldbruck"]
[BlackTeam "Groebenzell"]
[WhiteTeamCountry "GER"]
[BlackTeamCountry "GER"]

1. e4 c6 2. Nc3 d5 3. Nf3 dxe4 4. Nxe4 e6 5. Bc4 Nf6 6. Ng3 Be7 7. 0-0 0-0 8. Qe2 Nd5 9. d4 Nd7 10. Bb3 N7f6 11. c4 Nc7 12. Bf4 b6 13. Rad1 Bb7 14. Ne4 Nxe4 15. Qxe4 Ne8 16. Bc2 Nf6 17. Qe2 Qc8 18. Be5 c5 19. Ng5 g6 20. d5 exd5 21. cxd5 Nd7 22. Qe3 Nxe5 23. Qxe5 Bxg5 24. Qxg5 Qd8 25. Qh6 Qf6 26. Rd2 Rad8 27. Rfd1 Rfe8 28. h3 Re5 29. a3 Rexd5 30. Rxd5 Rxd5 31. Re1 Re5 32. Rxe5 Qxe5 33. Bb3 Qe1+ 34. Kh2 Qxf2 35. Qg5 b5 36. Bd5 Bxd5 37. Qxd5 Qxb2 38. Qxc5 a5 39. h4 h5 40. Kh3 b4 41. a4 Qc3+ 0-1

[Event "Landesliga Sued 0102"]
[Site "Bayern"]
[Date "2001.10.07"]
[Round "1.7"]
[White "Keller, Marcus"]
[Black "Binder, Karl Heinz"]
[Result "1-0"]
[WhiteElo "2045"]
[BlackElo "2095"]
[PlyCount "129"]
[EventDate "2001.10.07"]
[EventType "team-tourn"]
[EventRounds "9"]
[EventCountry "GER"]
[SourceTitle "EXT 2003"]
[Source "ChessBase"]
[SourceDate "2002.11.25"]
[SourceVersion "1"]
[SourceVersionDate "2002.11.25"]
[SourceQuality "1"]
[WhiteTeam "Groebenzell"]
[BlackTeam "Waldkirch"]
[WhiteTeamCountry "GER"]
[BlackTeamCountry "GER"]

1. d4 d5 2. c4 e6 3. Nc3 Nf6 4. cxd5 exd5 5. Bg5 Be7 6. e3 c6 7. Bd3 Nbd7 8. Nf3 0-0 9. Qc2 Re8 10. 0-0 Nf8 11. Rab1 a5 12. a3 Ne4 13. Bxe7 Qxe7 14. Bxe4 dxe4 15. Nd2 f5 16. d5 Bd7 17. Qb3 Qf7 18. Nc4 a4 19. Qxb7 Reb8 20. Qc7 Rc8 21. Qg3 Rd8 22. Ne5 Qf6 23. Rfd1 Be8 24. h3 Ra5 25. Nxc6 Bxc6 26. dxc6 Rxd1+ 27. Rxd1 Qxc6 28. Qd6 Qb7 29. Nd5 Qxb2 30. Ne7+ Kf7 31. Nc6 Rb5 32. Qe7+ Kg8 33. Rd8 Qf6 34. Qxf6 gxf6 35. Ra8 Rb1+ 36. Kh2 Rb2 37. Kg3 f4+ 38. Kxf4 Rxf2+ 39. Kg3 Re2 40. Ne7+ Kf7 41. Nd5 Rd2 42. Ra7+ Ke6 43. Nf4+ Ke5 44. Ra5+ Kd6 45. Rxa4 f5 46. Ra5 Ng6 47. Rxf5 Nxf4 48. Kxf4 Rxg2 49. a4 Ra2 50. a5 Ke6 51. Rh5 Kf6 52. Rb5 Ra4 53. Rb6+ Ke7 54. a6 Kd7 55. Rh6 Kc8 56. h4 Kb8 57. Re6 Ka8 58. Kg5 Ra3 59. Rxe4 Rxa6 60. Rb4 Ra1 61. e4 Rg1+ 62. Kf4 Rf1+ 63. Ke5 Rh1 64. Kd6 Rxh4 65. Kc7 1-0

[Event "Landesliga Sued 0001"]
[Site "Bayern"]
[Date "2001.04.01"]
[Round "8"]
[White "Keller, Marcus"]
[Black "Rath, Martin"]
[Result "0-1"]
[WhiteElo "2243"]
[BlackElo "1930"]
[PlyCount "82"]
[EventDate "2000.10.15"]
[EventType "team-tourn"]
[EventRounds "9"]
[EventCountry "GER"]
[SourceTitle "EXT 2020"]
[Source "ChessBase"]
[SourceDate "2019.10.17"]
[SourceVersion "1"]
[SourceVersionDate "2019.10.17"]
[SourceQuality "1"]
[WhiteTeam "Groebenzell"]
[BlackTeam "Fuerstenfeldbruck TuS"]
[WhiteTeamCountry "GER"]
[BlackTeamCountry "GER"]

1. d4 f5 2. g3 Nf6 3. Bg2 g6 4. Nh3 Bg7 5. 0-0 0-0 6. c4 Nc6 7. Nc3 d6 8. b3 Bd7 9. Bb2 e5 10. dxe5 dxe5 11. e4 Nd4 12. Re1 Ng4 13. f3 Nh6 14. f4 exf4 15. Nxf4 fxe4 16. Bxe4 Bg4 17. Bd5+ Kh8 18. Qd3 c6 19. Na4 Rxf4 20. gxf4 Nf3+ 21. Kh1 Bxb2 22. Nxb2 cxd5 23. Re3 Qf6 24. Rxf3 Bxf3+ 25. Qxf3 Qxb2 26. Rd1 dxc4 27. Qxb7 Re8 28. Qc6 Qe2 29. Rg1 Qe4+ 30. Qxe4 Rxe4 31. bxc4 Rxc4 32. Rf1 Kg7 33. h4 Nf5 34. Rb1 a5 35. h5 Rxf4 36. hxg6 hxg6 37. Kg2 Ra4 38. Kf3 Rxa2 39. Rb7+ Kf6 40. Rb6+ Kg5 41. Ra6 a4 0-1

[Event "Landesliga Sued 0001"]
[Site "Bayern"]
[Date "2001.02.18"]
[Round "6"]
[White "Keller, Marcus"]
[Black "Wuerdinger, Alexander"]
[Result "1-0"]
[WhiteElo "2243"]
[BlackElo "2045"]
[PlyCount "85"]
[EventDate "2000.10.15"]
[EventType "team-tourn"]
[EventRounds "9"]
[EventCountry "GER"]
[SourceTitle "EXT 2020"]
[Source "ChessBase"]
[SourceDate "2019.10.17"]
[SourceVersion "1"]
[SourceVersionDate "2019.10.17"]
[SourceQuality "1"]
[WhiteTeam "Groebenzell"]
[BlackTeam "Graefelfing SK"]
[WhiteTeamCountry "GER"]
[BlackTeamCountry "GER"]

1. d4 Nf6 2. c4 g6 3. Nc3 d5 4. Bf4 Bg7 5. e3 c5 6. dxc5 Qa5 7. cxd5 Nxd5 8. Qxd5 Bxc3+ 9. bxc3 Qxc3+ 10. Ke2 Nc6 11. Rd1 Be6 12. Qd2 Qxc5 13. Qb2 0-0 14. Rc1 Qa5 15. a3 Rfd8 16. Qc3 Qh5+ 17. f3 Rac8 18. Kf2 b5 19. g4 Qd5 20. e4 Qa2+ 21. Rc2 Qb1 22. Qb2 Qd1 23. Be2 Qd7 24. Rd2 Qe8 25. Qxb5 Bd7 26. Qb2 e5 27. Be3 f5 28. gxf5 gxf5 29. Bg5 fxe4 30. Bc4+ Kg7 31. fxe4 Qf8+ 32. Ke1 Qc5 33. Ba2 Nd4 34. Bxd8 Rxd8 35. Rxd4 exd4 36. Ne2 Bc6 37. Rg1+ Kh8 38. Rg4 Qe5 39. Qb3 Qe8 40. Nxd4 h5 41. Ne6 Rd7 42. Qc3+ Kh7 43. Rg7+ 1-0

[Event "Landesliga Sued 9899"]
[Site "Bayern"]
[Date "1998.11.15"]
[Round "3.6"]
[White "Buchweitz, Joerg"]
[Black "Keller, Marcus"]
[Result "1-0"]
[WhiteElo "2115"]
[BlackElo "2243"]
[PlyCount "51"]
[EventDate "1998.11.10"]
[EventType "team-tourn"]
[EventRounds "9"]
[EventCountry "GER"]
[SourceTitle "EXT 2020"]
[Source "ChessBase"]
[SourceDate "2019.10.17"]
[SourceVersion "1"]
[SourceVersionDate "2019.10.17"]
[SourceQuality "1"]
[WhiteTeam "Muenchen FC Bayern II"]
[BlackTeam "Groebenzell"]
[WhiteTeamCountry "GER"]
[BlackTeamCountry "GER"]

1. d4 Nf6 2. Nf3 d6 3. g3 g6 4. Bg2 Bg7 5. 0-0 0-0 6. b3 c5 7. Bb2 Nbd7 8. c4 Rb8 9. Nc3 a6 10. e4 b5 11. e5 Nh5 12. cxb5 dxe5 13. dxe5 Nxe5 14. Nxe5 Bxe5 15. Qe2 Bd4 16. bxa6 Qa5 17. Nd5 Re8 18. Bxd4 cxd4 19. Qe5 Rb5 20. Qxd4 Bxa6 21. Rfe1 Rb7 22. b4 Qd8 23. Rad1 Rd7 24. g4 e6 25. gxh5 exd5 26. h6 1-0

[Event "Landesliga Sued 9899"]
[Site "Bayern"]
[Date "1998.10.25"]
[Round "2.7"]
[White "Brychcy, Felix"]
[Black "Keller, Marcus"]
[Result "1/2-1/2"]
[WhiteElo "1835"]
[BlackElo "2243"]
[PlyCount "83"]
[EventDate "1998.11.10"]
[EventType "team-tourn"]
[EventRounds "9"]
[EventCountry "GER"]
[SourceTitle "EXT 2020"]
[Source "ChessBase"]
[SourceDate "2019.10.17"]
[SourceVersion "1"]
[SourceVersionDate "2019.10.17"]
[SourceQuality "1"]
[WhiteTeam "Graefelfing SK"]
[BlackTeam "Groebenzell"]
[WhiteTeamCountry "GER"]
[BlackTeamCountry "GER"]

1. e4 c6 2. d4 d5 3. Nd2 dxe4 4. Nxe4 Nd7 5. Bc4 Ngf6 6. Ng5 e6 7. Qe2 Nb6 8. Bd3 h6 9. N5f3 c5 10. c3 Be7 11. dxc5 Bxc5 12. Ne5 Nbd7 13. Ngf3 Qc7 14. 0-0 0-0 15. h4 Nxe5 16. Nxe5 Bd6 17. Nc4 Bf4 18. Re1 Bxc1 19. Raxc1 b6 20. Ne5 Bb7 21. Bb1 Rfd8 22. Rcd1 Rxd1 23. Rxd1 Rd8 24. Ng4 Rxd1+ 25. Qxd1 Nxg4 26. Qxg4 Qe5 27. Qd1 Qd5 28. Qxd5 Bxd5 29. f3 Kf8 30. Kf2 Ke7 31. Ke3 Kd6 32. g3 g5 33. hxg5 hxg5 34. a3 Ke5 35. f4+ gxf4+ 36. gxf4+ Kd6 37. Kd4 f6 38. Bd3 a5 39. b4 e5+ 40. fxe5+ fxe5+ 41. Ke3 Bc6 42. c4 1/2-1/2